00617nam a2200205 a 4500001000400000003000900004005001700013007000400030008003100034020001800065040002500083082002600108100003300134245005200167260004900219300002800268500005500296650002900351650003100380003DO-SdBPM20241129120539.0003111019s2011 p 000 f spa d a9786124103117 aDO-SdBPMbspacBPMSU 4a813.3bP743n 20112221 aPoe, Edgar Allan,d1809-184910aNarraciones extraordinarias /cEdgar Allan Poe  aLima, Perú :bEditoral Educativa:c2011b  a103 p. :bil. ;c19 cm. aIncluye datos biográficos del autor en la p. [4] 4aCuentos estadounidenses  4aLiteratura estadounidense